000 00616nam a2200229Ia 4500
003 OSt
005 20220928115206.0
006 a|||||r|||| 00| 0
007 ta
008 220927b |||||||| |||| 00| 0 eng d
024 _a25697
037 _cReference Collections
040 _aSDCL
_cSDCL
_beng
041 _2eng
_aeng
082 _aNn3,N88, N4 RR
245 0 _aBRITISH PERFORMING arts yearbook 1994.
250 _a7
260 _aLondon
_bRhinegold Publishing
_c1994
300 _ax,941p
_ccm.
942 _hNn3,N88, N4 RR
_cREF
_2CC
999 _c758483
_d758483